000 00749nam a2200181 i 4500
001 164819
003 ES-MaACL
005 20230906213020.0
008 050809s1891 sp | |||||||| ||spa d
040 _aCAM
_bspa
_cCAM
100 1 _aSastre y Marqués, Francisco.
_9132489
245 1 0 _aHistoria farmacológica del curare
_b: discurso presentado para aspirar al Grado de Doctor en Farmacia /
_cpor Francisco Sastre y Marqués.
260 _aBarcelona :
_b[s.n.],
_c1891 (
_fTipo-Litografía La Condal)
300 _a38 p. ;
_c21 cm.
594 _aPrecede la tit.: Universidad Central, Facultad de Farmacia.
650 4 _aCurare.
_9135858
852 _aES-MaACL
_jT-1050-F-3
_z-- Enc. hol. conservando la cub. original
_z-- Enc. en un vol. facticio
999 _c164819
_d164819